Distance geometry and conformational calculations /

Bibliographic Details
Main Author: Crippen, G. M.
Format: Book
Language:English
Published: Chichester [Sussex] ; New York : Research Studies Press, [1981]
Series:Chemometrics series ; 1.
Subjects:

MARC

Tag First Indicator Second Indicator Subfields
LEADER 00000cam a2200000 a 4500
001 in00000092886
005 20150923173346.0
008 820524s1981 enka b 00110 eng
010 |a  80042044  
015 |a GB*** 
020 |a 0471279919 (pbk.) 
035 |a (OCoLC)07660319 
035 |9 AAK7893AM 
039 0 |a 2  |b 3  |c 3  |d 3  |e 3 
040 |a DLC  |c DLC  |d TXA  |d UtOrBLW 
049 |a TXAM  |c [1633350] 
050 0 0 |a QD481  |b  C75 
082 0 |a 541.2/23  |2 19 
100 1 |a Crippen, G. M. 
245 1 0 |a Distance geometry and conformational calculations /  |c G.M. Crippen. 
264 1 |a Chichester [Sussex] ;  |a New York :  |b Research Studies Press,  |c [1981] 
264 4 |c ©1981 
300 |a 58 pages :  |b illustrations ;  |c 29 cm. 
336 |a text  |b txt  |2 rdacontent 
337 |a unmediated  |b n  |2 rdamedia 
338 |a volume  |b nc  |2 rdacarrier 
490 1 |a Chemometrics research studies series ;  |v 1 
500 |a Includes index. 
504 |a Bibliography: page 55. 
650 0 |a Stereochemistry. 
650 0 |a Distance geometry. 
650 0 |a Conformational analysis. 
830 0 |a Chemometrics series ;  |v 1. 
999 |a MARS 
999 f f |s ac9bec42-1a66-3ee6-ac45-f10dc1e3694d  |i a1f2453b-eb0a-3e80-9cce-6e2cd39ecb74  |t 0 
952 f f |p normal  |a Texas A&M University  |b College Station  |c Sterling C. Evans Library  |d Evans: Library Stacks  |t 0  |e QD481 C75  |h Library of Congress classification  |i unmediated -- volume  |m A14806015351 
998 f f |a QD481 C75  |t 0  |l Evans: Library Stacks